=LDR 00000nam 2200000 4500 =001 INLIS000000000013627 =005 20130612105005 =008 ***********************************Ind** =035 ##$$0010-061300000013627 =041 ##$$a Ind =082 ##$$a 31.404 =090 ##$$a 31.404, Yun t =100 ##$$a Yunus, Yuswar =245 ##$$a Tanah dan pegolahan, Yuswar, Yunus =260 ##$$a 2004 $b Bandung =300 ##$$a 163 hlm, 23,5 cm =650 ##$$a Tanah - pegolahan =850 ##$$a NBPNMAT